00350nam a2200109Ia 450000500170000000800410001710000230005824500930008126000300017430000110020465000250021520260328104308.0260328s9999||||xx |||||||||||||| ||und|| aCarranza, Luis E.  0aModern Architecture in Latin America :b art, technology ,and utopia /cLuis E. Carranza bUniversity of Texas Press a391 p. aARQUITECTURA MODERNA